[Event "FIDE World Uni Rapid-C 1st"]
[Site "Tornelo INT"]
[Date "2021.03.21"]
[Round "8"]
[White "Poulopoulos, Ioannis"]
[Black "Kalyva, Kyriaki"]
[Result "0-1"]
[WhiteElo "2236"]
[BlackElo "1823"]
[PlyCount "74"]
[EventDate "2021.03.20"]
[EventType "swiss (rapid)"]
[EventRounds "12"]
[EventCountry "NET"]
[SourceTitle "CBM 201 Extra"]
[Source "ChessBase"]
[SourceDate "2021.05.31"]
[SourceVersion "1"]
[SourceVersionDate "2021.05.31"]
[SourceQuality "1"]

1. d4 d5 2. Nf3 Nf6 3. Bg5 Ne4 4. Bh4 f6 5. Nbd2 c5 6. e3 Nc6 7. Be2 Bf5 8. 0-0 Nxd2 9. Qxd2 Qb6 10. c3 e6 11. a4 Be7 12. dxc5 Bxc5 13. Nd4 Bxd4 14. exd4 0-0 15. f4 e5 16. fxe5 fxe5 17. Bf2 e4 18. Be3 Na5 19. Ra3 Rac8 20. g4 Bd7 21. Rxf8+ Rxf8 22. b3 Qg6 23. g5 Nc6 24. c4 Ne7 25. cxd5 Nxd5 26. b4 Ne7 27. d5 Nf5 28. b5 h6 29. Rc3 Nh4 30. Rc7 Bh3 31. Bd4 Nf5 32. Be3 hxg5 33. Rxb7 g4 34. Bf4 e3 35. Qe1 Nd4 36. Bg3 Qe4 37. Rc7 Qg2# 0-1

[Event "Ambelokipi op 174th"]
[Site "Athens"]
[Date "2019.10.09"]
[Round "4"]
[White "Poulopoulos, Ioannis"]
[Black "Sideris, Theodoros"]
[Result "1-0"]
[WhiteElo "2244"]
[BlackElo "1811"]
[PlyCount "51"]
[EventDate "2019.09.18"]
[EventType "swiss"]
[EventRounds "7"]
[EventCountry "GRE"]
[SourceTitle "EXT 2021"]
[Source "ChessBase"]
[SourceDate "2020.10.23"]
[SourceVersion "1"]
[SourceVersionDate "2020.10.23"]
[SourceQuality "1"]

1. e4 c5 2. Nf3 Nc6 3. d4 cxd4 4. Nxd4 g6 5. Nc3 Bg7 6. Be3 Nf6 7. Be2 0-0 8. Nb3 d6 9. f4 Be6 10. g4 d5 11. f5 Bc8 12. exd5 Nb4 13. Bf3 gxf5 14. a3 fxg4 15. Bg2 Na6 16. Qd3 Nd7 17. 0-0-0 Ne5 18. Qe2 Bd7 19. Bd4 Bh6+ 20. Kb1 Ng6 21. h3 g3 22. h4 Nf4 23. Qd2 Qc7 24. Be3 e5 25. d6 Qc8 26. Nd5 1-0

[Event "Ambelokipi op 174th"]
[Site "Athens"]
[Date "2019.09.18"]
[Round "1"]
[White "Poulopoulos, Ioannis"]
[Black "Athanasakopoulos, Alexandros"]
[Result "1-0"]
[WhiteElo "2244"]
[BlackElo "1539"]
[PlyCount "67"]
[EventDate "2019.09.18"]
[EventType "swiss"]
[EventRounds "7"]
[EventCountry "GRE"]
[SourceTitle "EXT 2021"]
[Source "ChessBase"]
[SourceDate "2020.10.23"]
[SourceVersion "1"]
[SourceVersionDate "2020.10.23"]
[SourceQuality "1"]

1. c4 e5 2. g3 Nc6 3. Bg2 f5 4. Nc3 Nf6 5. e3 d5 6. cxd5 Nb4 7. d3 Nfxd5 8. Nxd5 Nxd5 9. Nf3 Bd6 10. 0-0 0-0 11. Qb3 Be6 12. Ng5 Qxg5 13. Bxd5 Bxd5 14. Qxd5+ Kh8 15. Qxb7 f4 16. Qg2 f3 17. Qh3 e4 18. dxe4 Rf6 19. Bd2 Rh6 20. Qf5 Qh5 21. Qxh5 Rxh5 22. Bc3 Re8 23. Rfd1 Re6 24. Rd5 Rh3 25. Rg5 h6 26. Rxg7 Be5 27. Bxe5 Rxe5 28. Rxc7 Rxe4 29. Rd1 Rg4 30. Rd8+ Rg8 31. Rxg8+ Kxg8 32. Rc5 h5 33. b4 h4 34. g4 1-0

[Event "Ambelokipi op 170th"]
[Site "Athens"]
[Date "2018.09.26"]
[Round "3"]
[White "Poulopoulos, Ioannis"]
[Black "Vlahos, Athanasios"]
[Result "1-0"]
[WhiteElo "2262"]
[BlackElo "1715"]
[PlyCount "54"]
[EventDate "2018.09.12"]
[EventType "swiss"]
[EventRounds "7"]
[EventCountry "GRE"]
[SourceTitle "EXT 2020"]
[Source "ChessBase"]
[SourceDate "2019.10.17"]
[SourceVersion "1"]
[SourceVersionDate "2019.10.17"]
[SourceQuality "1"]

1. e4 e5 2. Nf3 Nc6 3. Nc3 Nf6 4. d4 exd4 5. Nxd4 Bb4 6. Nxc6 bxc6 7. Bd3 0-0 8. 0-0 d5 9. exd5 cxd5 10. h3 Re8 11. Qf3 Rb8 12. Bg5 c6 13. Ne2 Bd6 14. b3 Be5 15. Rad1 Qd6 16. Bf4 Bxf4 17. Nxf4 Bb7 18. g4 c5 19. Rfe1 Ba8 20. g5 d4 21. Qg3 Qc6 22. Kh2 Ne4 23. Bxe4 Rxe4 24. Nd5 Rxe1 25. Rxe1 Qb7 26. Re7 Qc8 27. Nf6+ Kf8 1-0

[Event "GRE-chT 46th"]
[Site "Rio Achaia"]
[Date "2018.07.14"]
[Round "6.4"]
[White "Poulopoulos, Ioannis"]
[Black "Petrakis, Ilias"]
[Result "1-0"]
[WhiteElo "2268"]
[BlackElo "2118"]
[PlyCount "79"]
[EventDate "2018.07.10"]
[EventType "team"]
[EventRounds "7"]
[EventCountry "GRE"]
[SourceTitle "CBM 185 Extra"]
[Source "ChessBase"]
[SourceDate "2018.07.29"]
[SourceVersion "1"]
[SourceVersionDate "2018.07.29"]
[SourceQuality "1"]
[WhiteTeam "Panionios GA"]
[BlackTeam "Heraklion Attica"]
[WhiteTeamCountry "GRE"]
[BlackTeamCountry "GRE"]

1. c4 e5 2. Nc3 Nc6 3. g3 Bc5 4. Bg2 d6 5. Nf3 Nf6 6. 0-0 0-0 7. e3 h6 8. Qc2 a6 9. b3 Be6 10. Nh4 Qd7 11. f4 exf4 12. Rxf4 Nh5 13. Rf2 Bh3 14. Bxh3 Qxh3 15. Qf5 Qxf5 16. Nxf5 Kh7 17. d4 Ba7 18. Nd5 g6 19. g4 gxf5 20. gxh5 Nxd4 21. exd4 Bxd4 22. Bb2 Rg8+ 23. Kf1 Bxb2 24. Rxb2 Rg5 25. h4 Rg3 26. Rg2 Rxg2 27. Kxg2 c6 28. Ne7 Re8 29. Re1 d5 30. cxd5 cxd5 31. Kf2 Rd8 32. Ke3 Re8 33. Kf2 Rd8 34. Nxf5 d4 35. Re7 d3 36. Ke1 Rd5 37. Rxf7+ Kh8 38. Kd2 b5 39. Rf6 Kg8 40. Ne7+ 1-0

[Event "Nikaia op 25th"]
[Site "Nikaia"]
[Date "2017.08.29"]
[Round "4"]
[White "Poulopoulos, Ioannis"]
[Black "Spyropoulos, Nikolaos"]
[Result "0-1"]
[WhiteElo "2290"]
[BlackElo "2108"]
[PlyCount "122"]
[EventDate "2017.08.26"]
[EventType "swiss"]
[EventRounds "9"]
[EventCountry "GRE"]
[SourceTitle "CBM 180 Extra"]
[Source "ChessBase"]
[SourceDate "2017.10.06"]
[SourceVersion "1"]
[SourceVersionDate "2017.10.06"]
[SourceQuality "1"]

1. Nf3 Nf6 2. g3 d5 3. c4 e6 4. Bg2 c6 5. d4 Bb4+ 6. Nc3 dxc4 7. Ne5 Nd5 8. Bd2 Nb6 9. Ne4 Bxd2+ 10. Qxd2 0-0 11. Rc1 N8d7 12. Nxc4 Nxc4 13. Rxc4 e5 14. dxe5 Nxe5 15. Rd4 Qe7 16. 0-0 f6 17. Rc1 Bf5 18. Nd6 Be6 19. b4 Rad8 20. a4 Rd7 21. f4 Rfd8 22. fxe5 fxe5 23. Nc8 Rxc8 24. Rxd7 Qxd7 25. Qxd7 Bxd7 26. Rc5 Re8 27. Be4 a6 28. Kf2 Kf7 29. h4 h6 30. Rc1 Ke7 31. Ke3 Rf8 32. b5 axb5 33. axb5 cxb5 34. Rc7 Kd6 35. Rxb7 Rc8 36. Kd3 Rc4 37. Rb6+ Ke7 38. e3 Rc1 39. Kd2 Rg1 40. Rg6 Kf7 41. Rd6 Be6 42. Rb6 Rxg3 43. h5 Bc4 44. Rb8 Rh3 45. Bg6+ Ke7 46. Re8+ Kd6 47. Rc8 Rh2+ 48. Kc3 Be6 49. Rd8+ Kc5 50. Re8 b4+ 51. Kd3 Bc4+ 52. Ke4 b3 53. Kxe5 Kb4 54. Re7 b2 55. Rxg7 Rxh5+ 56. Kf4 Rh1 57. Rb7+ Kc3 58. Rb6 h5 59. Kf3 h4 60. Kf2 Bd3 61. Kg2 b1Q 0-1

[Event "Pardubice Czech op-A 28th"]
[Site "Pardubice"]
[Date "2017.07.24"]
[Round "4"]
[White "Deac, Bogdan Daniel"]
[Black "Poulopoulos, Ioannis"]
[Result "1-0"]
[WhiteElo "2579"]
[BlackElo "2252"]
[PlyCount "59"]
[EventDate "2017.07.21"]
[EventType "swiss"]
[EventRounds "9"]
[EventCountry "CZE"]
[SourceTitle "CBM 179 Extra"]
[Source "ChessBase"]
[SourceDate "2017.08.23"]
[SourceVersion "1"]
[SourceVersionDate "2017.08.23"]
[SourceQuality "1"]

1. e4 c5 2. Nf3 d6 3. d4 cxd4 4. Nxd4 Nf6 5. Nc3 a6 6. h4 e5 7. Nb3 Be6 8. f4 exf4 9. Bxf4 Nc6 10. Qd2 Nh5 11. Bg5 Be7 12. Bd3 Ne5 13. Nd4 0-0 14. 0-0-0 Nxd3+ 15. cxd3 Rc8 16. Bxe7 Qxe7 17. Kb1 Ng3 18. Rh2 Qf6 19. Nf3 Rfd8 20. h5 d5 21. e5 Qe7 22. Qf4 Nf5 23. g4 Nh6 24. Rg1 Qd7 25. Nd4 Kh8 26. g5 Nf5 27. Nce2 Rf8 28. Rf1 g6 29. Ng3 Rc5 30. Rfh1 1-0

[Event "GRE-chT 45th"]
[Site "Achaia"]
[Date "2017.07.04"]
[Round "3.9"]
[White "Georgiev, Krum"]
[Black "Poulopoulos, Ioannis"]
[Result "1/2-1/2"]
[WhiteElo "2363"]
[BlackElo "2252"]
[PlyCount "65"]
[EventDate "2017.07.03"]
[EventType "team-swiss"]
[EventRounds "7"]
[EventCountry "GRE"]
[SourceTitle "CBM 179 Extra"]
[Source "ChessBase"]
[SourceDate "2017.08.23"]
[SourceVersion "1"]
[SourceVersionDate "2017.08.23"]
[SourceQuality "1"]
[WhiteTeam "Korinthias Argonaftis"]
[BlackTeam "Panionios GA"]
[WhiteTeamCountry "GRE"]
[BlackTeamCountry "GRE"]

1. e4 c5 2. Nf3 d6 3. d4 cxd4 4. Qxd4 a6 5. c4 Nc6 6. Qd2 g6 7. Nc3 Bg7 8. b3 Nf6 9. Bb2 0-0 10. Be2 Bg4 11. 0-0 Nd7 12. Kh1 Nc5 13. Ng1 Bxe2 14. Ngxe2 Rb8 15. f3 a5 16. Rfd1 a4 17. Nd5 Bxb2 18. Qxb2 axb3 19. axb3 b5 20. b4 bxc4 21. Nd4 Nxd4 22. Qxd4 Nb3 23. Qa7 Nxa1 24. Nxe7+ Kh8 25. Qxa1+ f6 26. Nc6 Ra8 27. Nxd8 Rxa1 28. Rxa1 Rxd8 29. Rc1 d5 30. exd5 Rxd5 31. Kg1 Rd4 32. Kf2 c3 33. Rxc3 1/2-1/2

[Event "Athens ChessSquare New Year"]
[Site "Athens"]
[Date "2017.01.03"]
[Round "3"]
[White "Poulopoulos, Ioannis"]
[Black "Dorfanis, Ilarion"]
[Result "1/2-1/2"]
[WhiteElo "2257"]
[BlackElo "2093"]
[PlyCount "93"]
[EventDate "2017.01.01"]
[EventType "swiss"]
[EventRounds "9"]
[EventCountry "GRE"]
[SourceTitle "EXT 2024"]
[Source "ChessBase"]
[SourceDate "2023.10.10"]
[SourceVersion "1"]
[SourceVersionDate "2023.10.10"]
[SourceQuality "1"]

1. d4 Nf6 2. c4 e6 3. g3 d5 4. Bg2 dxc4 5. Nf3 Bb4+ 6. Bd2 c5 7. 0-0 Bxd2 8. Qxd2 cxd4 9. Nxd4 0-0 10. Qc3 e5 11. Nc2 Nc6 12. Nba3 Be6 13. Bxc6 bxc6 14. Nxc4 Ne4 15. Qxe5 Nxf2 16. Rxf2 Bxc4 17. Ne3 Be6 18. Nf5 Bxf5 19. Qxf5 Qd4 20. Rb1 Rae8 21. Kg2 Re3 22. Qc2 Qd5+ 23. Kg1 Qxa2 24. Rbf1 Qe6 25. Ra1 Qe7 26. Ra6 c5 27. Qa4 Ra8 28. Rc6 Re5 29. Qa6 Qd7 30. Qc4 Qe7 31. Qa6 h6 32. Rc8+ Rxc8 33. Qxc8+ Kh7 34. Qa6 Re3 35. Qc4 f6 36. Kf1 Qb7 37. Qc2+ Kh8 38. Kg1 Qd5 39. Rf4 Qe5 40. Kf2 Qe7 41. Rc4 a5 42. Qd2 Re5 43. Ra4 Rf5+ 44. Kg1 Re5 45. Kf2 Rf5+ 46. Kg1 Re5 47. Kf2 1/2-1/2

[Event "Pardubice Czech op-A 27th"]
[Site "Pardubice"]
[Date "2016.07.28"]
[Round "7"]
[White "Plischki, Sebastian"]
[Black "Poulopoulos, Ioannis"]
[Result "1/2-1/2"]
[WhiteElo "2373"]
[BlackElo "2212"]
[PlyCount "140"]
[EventDate "2016.07.22"]
[EventType "swiss"]
[EventRounds "9"]
[EventCountry "CZE"]
[SourceTitle "CBM 173 Extra"]
[Source "ChessBase"]
[SourceDate "2016.08.29"]
[SourceVersion "1"]
[SourceVersionDate "2016.08.29"]
[SourceQuality "1"]

1. Nf3 Nf6 2. c4 e6 3. Nc3 Bb4 4. Qb3 a5 5. a3 Bxc3 6. Qxc3 a4 7. d4 b6 8. Bg5 d6 9. Nd2 Nbd7 10. e4 e5 11. f3 h6 12. Be3 Qe7 13. Be2 0-0 14. 0-0 Nh5 15. Rfe1 Nf4 16. Bxf4 exf4 17. Rad1 Qh4 18. Bd3 Ra5 19. Bc2 Re8 20. Nf1 Re6 21. Re2 Nf8 22. Rde1 c5 23. dxc5 Rxc5 24. Bxa4 Ba6 25. b4 Rxc4 26. Qd3 Rc1 27. Qd2 Rc7 28. Rf2 Bc4 29. Rc1 Ng6 30. Qd4 Ne5 31. Nd2 Ra7 32. Nxc4 Rxa4 33. Qd1 b5 34. Nxe5 dxe5 35. Rc3 Rea6 36. Qc1 Qe7 37. Kh1 Qa7 38. Rf1 Rxa3 39. Rxa3 Rxa3 40. Qc8+ Kh7 41. Qf5+ Kg8 42. Qxe5 Qe3 43. Qxb5 Qc3 44. h3 Ra1 45. Rxa1 Qxa1+ 46. Kh2 g5 47. Qc5 Qe1 48. b5 Qg3+ 49. Kh1 Qe1+ 50. Qg1 Qb4 51. b6 Kh7 52. e5 Kg7 53. Kh2 Kh7 54. Qf2 Kg7 55. h4 gxh4 56. Qxh4 Qxb6 57. Qxf4 Qc5 58. Qf6+ Kg8 59. f4 Qf8 60. g3 Qc8 61. Qxh6 Qc2+ 62. Kh3 Qe2 63. Kh4 Qd3 64. e6 fxe6 65. Qxe6+ Kh8 66. Qe8+ Kh7 67. Qe7+ Kh8 68. g4 Qc4 69. Kg5 Qg8+ 70. Kh5 Qf7+ 1/2-1/2

[Event "GRE-chT 44th"]
[Site "Achaia"]
[Date "2016.07.07"]
[Round "4.4"]
[White "Poulopoulos, Ioannis"]
[Black "Papadakis, Michalis"]
[Result "1/2-1/2"]
[WhiteElo "2212"]
[BlackElo "2155"]
[PlyCount "115"]
[EventDate "2016.07.05"]
[EventType "team-swiss"]
[EventRounds "7"]
[EventCountry "GRE"]
[SourceTitle "CBM 173 Extra"]
[Source "ChessBase"]
[SourceDate "2016.08.29"]
[SourceVersion "1"]
[SourceVersionDate "2016.08.29"]
[SourceQuality "1"]
[WhiteTeam "Panionios GS"]
[BlackTeam "Heraklion CN"]
[WhiteTeamCountry "GRE"]
[BlackTeamCountry "GRE"]

1. d4 d5 2. c4 c6 3. cxd5 cxd5 4. Bf4 Qb6 5. Nc3 Nf6 6. Qd2 Nc6 7. e3 Bf5 8. f3 e6 9. g4 Bg6 10. h4 h5 11. g5 Nd7 12. Bg3 Be7 13. Rc1 Rc8 14. Nge2 Na5 15. Nf4 Nc4 16. Bxc4 Rxc4 17. Kf2 Bb4 18. Nxg6 fxg6 19. Qd3 Kf7 20. Ne2 Rhc8 21. Rxc4 Rxc4 22. Rc1 Rxc1 23. Nxc1 Bd6 24. Qc3 Bxg3+ 25. Kxg3 Qd6+ 26. f4 Qa6 27. Nd3 Ke7 28. a3 Qb5 29. b3 Qa6 30. a4 Kd8 31. Kf2 Qb6 32. Ke2 a5 33. Kd2 Qc7 34. Qb2 b6 35. Qa3 Ke8 36. Qb2 Kd8 37. Qb1 Ke8 38. Qa2 Ke7 39. Qa1 Ke8 40. Qd1 Ke7 41. Qb1 Ke8 42. Qa2 Ke7 43. b4 Qc6 44. Qa3 Ke8 45. Nb2 Qd6 46. Nd3 Qc6 47. Qb3 Ke7 48. Nc1 Qd6 49. Kc3 Qc6+ 50. Kb2 Qd6 51. Nd3 Qc6 52. bxa5 bxa5 53. Qb5 Qc7 54. Nc5 Nb6 55. Qa6 Nc4+ 56. Kc3 Qb6 57. Qxb6 Nxb6 58. Kd3 1/2-1/2

[Event "Hasselbacken op"]
[Site "Stockholm"]
[Date "2016.05.01"]
[Round "2"]
[White "Poulopoulos, Ioannis"]
[Black "Sethuraman, SP."]
[Result "0-1"]
[WhiteElo "2214"]
[BlackElo "2658"]
[PlyCount "58"]
[EventDate "2016.04.30"]
[EventType "swiss"]
[EventRounds "9"]
[EventCountry "SWE"]
[SourceTitle "CBM 172 Extra"]
[Source "ChessBase"]
[SourceDate "2016.06.21"]
[SourceVersion "1"]
[SourceVersionDate "2016.06.21"]
[SourceQuality "1"]

1. d4 e6 2. Nf3 d5 3. c4 c6 4. Qc2 Bd6 5. g3 f5 6. Bg2 Nf6 7. 0-0 0-0 8. Nbd2 Qe7 9. Ne1 b6 10. Nd3 Ne4 11. Nf3 Bb7 12. b3 a5 13. Bb2 Na6 14. a3 Rac8 15. Rfc1 c5 16. dxc5 Naxc5 17. a4 f4 18. gxf4 Nxd3 19. exd3 Bxf4 20. dxe4 dxe4 21. Ne1 Qh4 22. h3 e3 23. f3 Rcd8 24. Rd1 Rd2 25. Rxd2 exd2 26. Qc3 Qg3 27. Nc2 e5 28. Rd1 Rd8 29. Kf1 Be4 0-1

[Event "Athens ChessSquare Celebration op"]
[Site "Athens"]
[Date "2015.12.05"]
[Round "5"]
[White "Poulopoulos, Ioannis"]
[Black "Tsiros, Fragkiskos Vlasios"]
[Result "1/2-1/2"]
[WhiteElo "2154"]
[BlackElo "2156"]
[PlyCount "43"]
[EventDate "2015.11.07"]
[EventType "swiss"]
[EventRounds "7"]
[EventCountry "GRE"]
[SourceTitle "EXT 2024"]
[Source "ChessBase"]
[SourceDate "2023.10.10"]
[SourceVersion "1"]
[SourceVersionDate "2023.10.10"]
[SourceQuality "1"]

1. d4 Nf6 2. c4 e6 3. g3 c5 4. Nf3 cxd4 5. Nxd4 Bb4+ 6. Bd2 Bxd2+ 7. Nxd2 0-0 8. Bg2 a6 9. 0-0 Qb6 10. N2b3 d6 11. Qc2 Nbd7 12. Rad1 Nc5 13. Nxc5 dxc5 14. Nf3 Qc7 15. Qd3 Bd7 16. Qd6 Qxd6 17. Rxd6 Bc6 18. Ne5 Bxg2 19. Kxg2 Rfd8 20. Rfd1 Rxd6 21. Rxd6 Rc8 22. Kf3 1/2-1/2

[Event "Athens ChessSquare Celebration op"]
[Site "Athens"]
[Date "2015.11.07"]
[Round "1"]
[White "Poulopoulos, Ioannis"]
[Black "Patrinos, Ilias"]
[Result "1-0"]
[WhiteElo "2154"]
[BlackElo "1561"]
[PlyCount "61"]
[EventDate "2015.11.07"]
[EventType "swiss"]
[EventRounds "7"]
[EventCountry "GRE"]
[SourceTitle "EXT 2024"]
[Source "ChessBase"]
[SourceDate "2023.10.10"]
[SourceVersion "1"]
[SourceVersionDate "2023.10.10"]
[SourceQuality "1"]

1. d4 d5 2. c4 e6 3. Nf3 Nf6 4. g3 dxc4 5. Bg2 Nbd7 6. 0-0 a6 7. Qc2 b5 8. Ne5 Nd5 9. Nc6 Qf6 10. e4 Qg6 11. Qe2 Ne7 12. e5 Nxc6 13. Bxc6 Ra7 14. Be3 Bb7 15. Qf3 Bxc6 16. Qxc6 Kd8 17. Rd1 Nb8 18. Qg2 Qc2 19. Nc3 c6 20. d5 Rd7 21. Bb6+ Kc8 22. dxc6 Rc7 23. Bxc7 Kxc7 24. Qf3 Nxc6 25. Qxf7+ Be7 26. Qxe6 Rf8 27. Qd7+ Kb6 28. Rf1 Qf5 29. Nd5+ Kc5 30. Qxc6+ Kxc6 31. Nxe7+ 1-0